000 00467pab a2200169 454500
008 180718b2009 xxu||||| |||| 00| 0 eng d
100 _aRamamurti, Ravi
245 _aThe theoretical value of studying Indian multinationals
260 _c2009
300 _ap.101-14.
362 _aJul
650 _aTransnational corporations - India
650 _aTransnational corporations
773 _aIndian Journal of Industrial Relations
908 _aN
909 _a83852
999 _c83852
_d83852